Normal view
MARC view
- Ghalib
Entry Personal Name
001 - CONTROL NUMBER
- control field: 87234
003 - CONTROL NUMBER IDENTIFIER
- control field: NUST
005 - DATE AND TIME OF LATEST TRANSACTION
- control field: 20211231145141.0
008 - FIXED-LENGTH DATA ELEMENTS
- fixed length control field: 211231|| aca||aabn | a|a d
040 ## - CATALOGING SOURCE
- Original cataloging agency: NUST
- Transcribing agency: NUST
100 ## - HEADING--PERSONAL NAME
- Personal name: Ghalib
670 ## - SOURCE DATA FOUND
- Source citation: Work cat.: (NUST): Ghalib, Intikhaab Qalam Ghalib, ?
